Actor / Actress by their Movies #3 - Statistics

General Stats
  • This quiz has been taken 85 times
  • The average score is 6 of 10
Answer Stats
Hint Answer % Correct
Independence Day / Men in Black / Aladdin / I Am Legend Will Smith
97%
Speed / The Prince of Egypt / Miss Congeniality / Gravity Sandra Bullock
88%
Thor / Snow White and the Huntsman / Men in Black: International / Red Dawn Chris Hemsworth
87%
X-Men / Die Another Day / Catwoman / The Call Halle Berry
80%
The Devil Wears Prada / Edge of Tomorrow / The Five-Year Engagement / A Quiet Place Emily Blunt
76%
The Office / Jack Ryan / A Quiet Place / License to Wed John Krasinski
63%
Scarface / Batman Returns / Dangerous Liaisons / Ant-Man and the Wasp Michelle Pfeiffer
51%
The Marine / Trainwreck / The Suicide Squad / Fast X John Cena
32%
The Way of the Dragon / Missing in Action / The Hitman / The Expendables 2 Chuck Norris
27%
Percy Jackson & the Olympians: The Lightning Thief / San Andreas / Baywatch / All My Children Alexandra Daddario
23%
No matching quizzes found
Score Distribution
Percent of People with Each Score
Percentile by Number Answered
Your Score History
You have not taken this quiz